| 000 | 00600nam a2200217Ia 4500 | ||
|---|---|---|---|
| 008 | 140429s9999 xx 000 0 und d | ||
| 020 | _a9780131494848 | ||
| 050 |
_aHD 57.7 _b.Y85 2006 |
||
| 100 | _aYukl, Gary | ||
| 245 |
_aLeadership in organizations / _cGary Yukl. |
||
| 250 | _a6th ed. | ||
| 260 |
_aNew Jersey : _bPearson Prentice Hall, _cc2006. |
||
| 300 |
_a542 p. : _c24 cm. |
||
| 500 | _aIncludes bibliographical references and index. | ||
| 521 | _aBSBA | ||
| 650 | _aDecision making. | ||
| 650 | _aLeadership. | ||
| 650 | _aOrganization. | ||
| 942 |
_kFOR _cBK |
||
| 999 |
_c115706 _d115706 |
||